Modelo del ínclito héroe, del príncipe. del general y del excelente soldado o sea vida de Don Juan de Austria / (Record no. 116360)

MARC details
000 -LEADER
campo de control de longitud fija 00843nam a2200205 i 4500
001 - NÚMERO DE CONTROL
campo de control 116360
003 - IDENTIFICADOR DE NÚMERO DE CONTROL
campo de control ES-MaACL
005 - FECHA Y HORA DE LA ÚLTIMA TRANSACCIÓN
campo de control 20250918194238.0
007 - CAMPO FIJO DE DESCRIPCIÓN FÍSICA--INFORMACIÓN GENERAL
campo de control de longitud fija t|
008 - DATOS DE LONGITUD FIJA--INFORMACIÓN GENERAL
campo de control de longitud fija 061121s1946 sp r ||||1| spa d
100 1# - ENTRADA PRINCIPAL--NOMBRE DE PERSONA
Nombre de persona Ossorio, Antonio.
9 (RLIN) 87796
245 10 - MENCIÓN DEL TÍTULO
Título Modelo del ínclito héroe, del príncipe. del general y del excelente soldado o sea vida de Don Juan de Austria /
Mención de responsabilidad, etc. por Antonio Ossorio ; traducción de José López de Toro ; edición y prólogo de Duque de Alba.
260 ## - PUBLICACIÓN, DISTRIBUCIÓN, ETC.
Lugar de publicación, distribución, etc. Madrid :
Nombre del editor, distribuidor, etc. Blass,
Fecha de publicación, distribución, etc. 1946.
300 ## - DESCRIPCIÓN FÍSICA
Extensión 335 p., 121 lám. ;
Dimensiones 24 cm.
600 14 - PUNTO DE ACCESO ADICIONAL DE MATERIA--NOMBRE DE PERSONA
Nombre de persona Austria, Juan de (
Fechas asociadas al nombre 1545-1578)
9 (RLIN) 151484
700 1# - ENTRADA AGREGADA--NOMBRE PERSONAL
Nombre de persona López de Toro, José,
Fechas asociadas al nombre 1897-1972
9 (RLIN) 73594
700 1# - ENTRADA AGREGADA--NOMBRE PERSONAL
Nombre de persona Alba, Jacobo Fitz-James Stuart y Falcó,
Títulos y otros términos asociados al nombre Duque de,
Fechas asociadas al nombre 1878-1953
9 (RLIN) 173467
852 ## - LOCALIZACIÓN
Ubicación ES-MaACL
Número de control de estantería E-1734
Sublocalización o colección R.22513
Holdings
Estatus retirado Estado de pérdida Estado de daño No para préstamo Biblioteca de origen Biblioteca actual Ubicación en estantería Fecha de adquisición Fuente de adquisición Total de préstamos Signatura topográfica completa Código de barras Visto por última vez Precio de reemplazo Tipo de ítem Koha
        Biblioteca del Ateneo de Madrid Biblioteca del Ateneo de Madrid Depósito 2 17/01/2008     E-1734 1121338 23/02/2023 23/02/2023 Libro impreso